Problém krytia deficitu verejných financií v teoretických koncepciách v politickej hospodárskej politike bakalárska práca

Gespeichert in:
Bibliographische Detailangaben
1. Verfasser: Šimončič, Peter
Körperschaft: Národohospodárska fakulta EU. Katedra hospodárskej politiky
Weitere Verfasser: Morvay, Karol, 1973-
Format: Buch
Sprache:Slowakisch
Veröffentlicht: Bratislava 2013
Tags: Tag hinzufügen
Keine Tags, Fügen Sie das erste Tag hinzu!

MARC

LEADER 00000nbm a2200000 4500
001 0172504
005 20161109112057.1
041 0 |a slo 
044 |a SK 
245 1 0 |a Problém krytia deficitu verejných financií v teoretických koncepciách v politickej hospodárskej politike  |b bakalárska práca  |c Peter Šimončič ; školiteľ: Karol Morvay 
264 1 |a Bratislava  |c 2013 
300 |a 45 s. 
100 1 |a Šimončič, Peter 
700 1 |a Morvay, Karol, 1973- 
710 2 |a Národohospodárska fakulta EU. Katedra hospodárskej politiky